[Event "BRA-ch sf"]
[Site "Vitoria"]
[Date "2003.09.06"]
[Round "5"]
[White "Costa, Francisco CC"]
[Black "Camara, Jose Arruda"]
[Result "0-1"]
[WhiteElo "1800"]
[BlackElo "1840"]
[PlyCount "66"]
[EventDate "2003.09.??"]
[EventType "swiss"]
[EventRounds "7"]
[EventCountry "BRA"]
[SourceTitle "EXT 2006"]
[Source "ChessBase"]
[SourceDate "2005.11.24"]
[SourceVersion "1"]
[SourceVersionDate "2005.11.24"]
[SourceQuality "1"]

1. e4 e6 2. Nf3 d5 3. exd5 exd5 4. d4 Nc6 5. Be2 Bd6 6. c4 Nf6 7. 0-0 0-0 8. Nc3 dxc4 9. Bxc4 Bg4 10. Be3 a6 11. h3 Bh5 12. Rc1 Qd7 13. Bd3 Rad8 14. Ne4 Be7 15. Bb1 Qc8 16. Qc2 Bg6 17. Nxf6+ Bxf6 18. Qc4 Bxb1 19. Rxb1 Ne7 20. Bg5 Bxg5 21. Nxg5 h6 22. Nf3 c6 23. Rbd1 Nd5 24. Rfe1 Rfe8 25. Qd3 Rd6 26. Re5 Red8 27. Rde1 Nf4 28. Qe4 Ne6 29. Rf5 Nxd4 30. Nxd4 Rxd4 31. Qc2 Rd2 32. Qb3 Qxf5 33. Qxb7 Qxf2+ 0-1

[Event "BRA-ch sf"]
[Site "Vitoria"]
[Date "2003.09.05"]
[Round "3"]
[White "Costa, Francisco CC"]
[Black "Chagas, Humberto Luiz C"]
[Result "1-0"]
[WhiteElo "1800"]
[BlackElo "1871"]
[PlyCount "107"]
[EventDate "2003.09.??"]
[EventType "swiss"]
[EventRounds "7"]
[EventCountry "BRA"]
[SourceTitle "EXT 2006"]
[Source "ChessBase"]
[SourceDate "2005.11.24"]
[SourceVersion "1"]
[SourceVersionDate "2005.11.24"]
[SourceQuality "1"]

1. e4 e5 2. Nf3 Nf6 3. Nc3 Bb4 4. d3 d6 5. a3 Bxc3+ 6. bxc3 Nc6 7. Bg5 h6 8. Bh4 0-0 9. Be2 Bg4 10. 0-0 Qd7 11. Bxf6 gxf6 12. h3 Bxh3 13. gxh3 Qxh3 14. Nh2 Kh7 15. Kh1 Rg8 16. Rg1 Ne7 17. Qd2 Ng6 18. Bg4 Qh4 19. Bf5 Kh8 20. Rg3 Nf4 21. Rag1 Rg5 22. Rxg5 hxg5 23. Qe3 Kg7 24. Qg3 Qh6 25. Re1 Rh8 26. Re3 a5 27. f3 Kf8 28. Kg1 Ke7 29. Re1 b5 30. Ng4 Qh1+ 31. Kf2 Qh4 32. Qxh4 gxh4 33. Rh1 c5 34. Ne3 a4 35. Ng2 Ng6 36. Ke3 b4 37. cxb4 cxb4 38. axb4 a3 39. Bh3 a2 40. c4 Ra8 41. Ra1 Ra4 42. b5 Kd8 43. f4 exf4+ 44. Nxf4 Ne5 45. Kd2 Ng6 46. Nh5 Ne5 47. Kc2 Nf3 48. Kb2 Ra7 49. Rxa2 Rb7 50. Kc3 Kc7 51. d4 Ng5 52. Bg2 Rb8 53. Rf2 Re8 54. Rf4 1-0

[Event "BRA-ch sf"]
[Site "Vitoria"]
[Date "2003.09.04"]
[Round "1"]
[White "Costa, Francisco CC"]
[Black "Rohrer, Kurt"]
[Result "0-1"]
[WhiteElo "1800"]
[BlackElo "1915"]
[PlyCount "54"]
[EventDate "2003.09.??"]
[EventType "swiss"]
[EventRounds "7"]
[EventCountry "BRA"]
[SourceTitle "EXT 2006"]
[Source "ChessBase"]
[SourceDate "2005.11.24"]
[SourceVersion "1"]
[SourceVersionDate "2005.11.24"]
[SourceQuality "1"]

1. e4 c5 2. Nf3 d6 3. d4 cxd4 4. Nxd4 Nf6 5. Nc3 a6 6. Be2 Nbd7 7. 0-0 g6 8. Be3 Bg7 9. Qd2 0-0 10. Bh6 Nc5 11. f3 Qb6 12. Bxg7 Kxg7 13. Nd5 Nxd5 14. exd5 e5 15. dxe6 Nxe6 16. c3 Nxd4 17. Qxd4+ Qxd4+ 18. cxd4 Be6 19. Bd3 Rac8 20. Be4 Rc7 21. d5 Bd7 22. Rfc1 Rfc8 23. Rxc7 Rxc7 24. Kf2 Rc5 25. Ke3 f5 26. b4 Rb5 27. a3 fxe4 0-1